[Event "Las Vegas National op"]
[Site "Las Vegas"]
[Date "2016.06.26"]
[Round "6"]
[White "Mousseri, Daniel"]
[Black "Chase, Christopher"]
[Result "0-1"]
[WhiteElo "2240"]
[BlackElo "2282"]
[PlyCount "82"]
[EventDate "2016.06.24"]
[EventType "swiss"]
[EventRounds "6"]
[EventCountry "USA"]
[SourceTitle "CBM 173 Extra"]
[Source "ChessBase"]
[SourceDate "2016.08.29"]
[SourceVersion "1"]
[SourceVersionDate "2016.08.29"]
[SourceQuality "1"]

1. e4 g6 2. d4 Bg7 3. Nc3 d6 4. g3 Nd7 5. Bg2 c5 6. Nge2 Rb8 7. 0-0 b6 8. f4 Bb7 9. h3 a6 10. a4 cxd4 11. Nxd4 Ngf6 12. Re1 0-0 13. e5 dxe5 14. fxe5 Nxe5 15. Bxb7 Rxb7 16. Rxe5 Rd7 17. Qe1 Rxd4 18. Rxe7 Nd5 19. Nxd5 Rxd5 20. Bf4 Bxb2 21. Rb1 Bf6 22. Re2 Qd7 23. Kg2 Qc6 24. Kh2 Rfd8 25. Qb4 g5 26. Be3 b5 27. axb5 Rxb5 28. Qe1 Bc3 29. Rxb5 Bxe1 30. Rxg5+ Kh8 31. Rxe1 Qxc2+ 32. Kg1 Qc3 33. Bf2 f6 34. Rc5 Qf3 35. Ra5 Rd2 36. Rf1 Qe2 37. Raa1 Kg7 38. Rae1 Qh5 39. Ra1 a5 40. Ra4 Rxf2 41. Kxf2 Qc5+ 0-1

[Event "Las Vegas National op"]
[Site "Las Vegas"]
[Date "2016.06.24"]
[Round "1"]
[White "Troff, Kayden W"]
[Black "Mousseri, Daniel"]
[Result "1-0"]
[WhiteElo "2543"]
[BlackElo "2240"]
[PlyCount "41"]
[EventDate "2016.06.24"]
[EventType "swiss"]
[EventRounds "6"]
[EventCountry "USA"]
[SourceTitle "CBM 173 Extra"]
[Source "ChessBase"]
[SourceDate "2016.08.29"]
[SourceVersion "1"]
[SourceVersionDate "2016.08.29"]
[SourceQuality "1"]

1. d4 e5 2. c4 Nc6 3. Nc3 a6 4. e4 Nf6 5. Nf3 b5 6. Be2 Be7 7. 0-0 d6 8. Be3 0-0 9. Bg5 Na5 10. h3 c5 11. Bc1 Nc6 12. Bd3 Re8 13. Re1 h6 14. Bc2 Bf8 15. Bf4 Be6 16. d5 Ng4 17. Na4 f6 18. dxc6 g6 19. Nxc5 Qb6 20. Qd4 Qd8 21. Nb7 1-0

[Event "Southern California-ch"]
[Site "Arcadia"]
[Date "2014.09.20"]
[Round "6"]
[White "Mousseri, Daniel"]
[Black "Kavutskiy, Konstantin"]
[Result "1/2-1/2"]
[WhiteElo "2189"]
[BlackElo "2307"]
[PlyCount "107"]
[EventDate "2014.09.18"]
[EventType "tourn"]
[EventRounds "7"]
[EventCountry "USA"]
[EventCategory "1"]
[SourceTitle "EXT 2018"]
[Source "ChessBase"]
[SourceDate "2017.10.13"]
[SourceVersion "1"]
[SourceVersionDate "2017.10.13"]
[SourceQuality "1"]

1. e4 e5 2. Nf3 Nc6 3. Bc4 Bc5 4. b4 Bxb4 5. c3 Be7 6. d4 Na5 7. Bd3 d6 8. dxe5 dxe5 9. Nxe5 Nf6 10. 0-0 0-0 11. Qc2 c5 12. Nd2 Qc7 13. f4 a6 14. c4 b5 15. cxb5 axb5 16. Bxb5 c4 17. Kh1 c3 18. Ndc4 Bb7 19. Re1 Rfd8 20. Nxa5 Rxa5 21. Bd3 Rxe5 22. fxe5 Qxe5 23. Rf1 Qd4 24. e5 Qxe5 25. Bf4 Qc5 26. Rae1 h6 27. Be5 Ng4 28. Bh7+ Kh8 29. Bxg7+ Kxg7 30. Rxf7+ Kh8 31. Bd3 Rxd3 32. Qxd3 Nf2+ 33. Rxf2 Qxf2 34. Qxc3+ Kg8 35. Qg3+ Qxg3 36. hxg3 Kf7 37. a4 Bd6 38. Rb1 Bd5 39. Rb6 Ke7 40. a5 Kd7 41. a6 Kc7 42. Rb5 Bc6 43. a7 Bb7 44. Kh2 Be7 45. Re5 Bd8 46. Re8 Kd7 47. Rh8 h5 48. Rh7+ Kc6 49. Rxh5 Bb6 50. g4 Bxa7 51. g5 Bd4 52. g6 Kd6 53. g4 Ke6 54. Rh7 1/2-1/2

[Event "Southern California-ch"]
[Site "Arcadia"]
[Date "2014.09.19"]
[Round "4"]
[White "Landaw, Julian W"]
[Black "Mousseri, Daniel"]
[Result "1-0"]
[WhiteElo "2362"]
[BlackElo "2189"]
[PlyCount "85"]
[EventDate "2014.09.18"]
[EventType "tourn"]
[EventRounds "7"]
[EventCountry "USA"]
[EventCategory "1"]
[SourceTitle "EXT 2018"]
[Source "ChessBase"]
[SourceDate "2017.10.13"]
[SourceVersion "1"]
[SourceVersionDate "2017.10.13"]
[SourceQuality "1"]

1. e4 c5 2. Nc3 Nc6 3. g3 g6 4. Bg2 Bg7 5. d3 d6 6. f4 e6 7. Nf3 Nge7 8. 0-0 0-0 9. Be3 Nd4 10. e5 Nef5 11. Bf2 Nxf3+ 12. Qxf3 Nd4 13. Qd1 dxe5 14. fxe5 Bxe5 15. Ne4 f5 16. Nxc5 Qc7 17. b4 f4 18. gxf4 Rxf4 19. c3 Nf5 20. d4 Rxf2 21. Rxf2 Bxh2+ 22. Kh1 Bg3 23. Rf3 Qe7 24. Qd3 Qh4+ 25. Kg1 Qh2+ 26. Kf1 b6 27. Ne4 Bb7 28. Rxf5 exf5 29. Qxg3 Ba6+ 30. Kf2 Qxg3+ 31. Nxg3 Rc8 32. Rc1 h5 33. c4 Kf8 34. c5 h4 35. Nf1 bxc5 36. bxc5 Rd8 37. d5 h3 38. Bh1 g5 39. Kg3 Re8 40. d6 Bc8 41. c6 f4+ 42. Kf3 Rd8 43. Rd1 1-0

[Event "Pacific Southwest op 54th"]
[Site "Los Angeles"]
[Date "2014.07.06"]
[Round "5"]
[White "Yankovsky, Roman"]
[Black "Mousseri, Daniel"]
[Result "1-0"]
[WhiteElo "2440"]
[BlackElo "2068"]
[PlyCount "103"]
[EventDate "2014.07.04"]
[EventType "swiss"]
[EventRounds "6"]
[EventCountry "USA"]
[SourceTitle "CBM 161 Extra"]
[Source "ChessBase"]
[SourceDate "2014.08.29"]
[SourceVersion "1"]
[SourceVersionDate "2014.08.29"]
[SourceQuality "1"]

1. e4 c5 2. Nf3 d6 3. d4 cxd4 4. Nxd4 Nf6 5. Nc3 a6 6. h3 e5 7. Nde2 h5 8. Bg5 Be6 9. Bxf6 Qxf6 10. Nd5 Qd8 11. Nec3 Nd7 12. Bc4 Rc8 13. Qe2 b5 14. Bb3 Qg5 15. Qf3 Nc5 16. 0-0 Qd8 17. Rfd1 Rb8 18. Rd2 Be7 19. Nxe7 Qxe7 20. Rad1 Rd8 21. Nd5 Qb7 22. c3 Qa7 23. Bc2 Qb8 24. Ne3 g6 25. b4 Nb7 26. Qf6 Rg8 27. Bb3 Qc8 28. Nd5 Qd7 29. Qg5 Bxd5 30. Bxd5 a5 31. Bxb7 Qxb7 32. Rxd6 Rxd6 33. Rxd6 Qe7 34. Qxe7+ Kxe7 35. Rb6 axb4 36. cxb4 Ra8 37. Rxb5 Rxa2 38. Rxe5+ Kf6 39. Rb5 Rb2 40. Rb7 Re2 41. f3 Rb2 42. b5 Ke6 43. b6 Kf6 44. Rb8 Kg5 45. g3 Rb1+ 46. Kf2 Rb2+ 47. Ke1 Rb3 48. b7 Kf6 49. e5+ Kg7 50. f4 Kh7 51. Kd2 Kg7 52. g4 1-0

[Event "Wch U14"]
[Site "Al Ain"]
[Date "2013.12.28"]
[Round "11"]
[White "Mousseri, Daniel"]
[Black "Turar, Dastan"]
[Result "1/2-1/2"]
[WhiteElo "2043"]
[BlackElo "1890"]
[PlyCount "40"]
[EventDate "2013.12.18"]
[EventType "swiss"]
[EventRounds "11"]
[EventCountry "UAE"]
[SourceTitle "CBM 158 Extra"]
[Source "ChessBase"]
[SourceDate "2014.02.28"]
[SourceVersion "1"]
[SourceVersionDate "2014.02.28"]
[SourceQuality "1"]

1. e4 e6 2. d4 d5 3. Nc3 Bb4 4. e5 c5 5. Bd2 Ne7 6. Nb5 Bxd2+ 7. Qxd2 0-0 8. f4 Bd7 9. Nd6 cxd4 10. Nf3 Nbc6 11. Bd3 Qc7 12. 0-0 f6 13. Qe1 Be8 14. Nh4 fxe5 15. fxe5 Rxf1+ 16. Kxf1 Bg6 17. Nxg6 Nxg6 18. Bxg6 hxg6 19. Qg3 Ne7 20. Kg1 Rf8 1/2-1/2

[Event "Wch U14"]
[Site "Al Ain"]
[Date "2013.12.27"]
[Round "10"]
[White "Doluweera, Minul Sanjula"]
[Black "Mousseri, Daniel"]
[Result "0-1"]
[WhiteElo "1857"]
[BlackElo "2043"]
[PlyCount "88"]
[EventDate "2013.12.18"]
[EventType "swiss"]
[EventRounds "11"]
[EventCountry "UAE"]
[SourceTitle "CBM 158 Extra"]
[Source "ChessBase"]
[SourceDate "2014.02.28"]
[SourceVersion "1"]
[SourceVersionDate "2014.02.28"]
[SourceQuality "1"]

1. d4 Nf6 2. Nf3 g6 3. c4 Bg7 4. Nc3 0-0 5. e4 d6 6. Be2 Na6 7. 0-0 e5 8. dxe5 dxe5 9. Qxd8 Rxd8 10. Bg5 Re8 11. Rad1 h6 12. Bc1 c6 13. a3 Nc5 14. Nd2 a5 15. b4 axb4 16. axb4 Na4 17. Ndb1 Be6 18. f3 Nh5 19. g3 Kh7 20. Kh1 Bf8 21. b5 Bc5 22. f4 Nxc3 23. Nxc3 Bd4 24. f5 Bc8 25. Bxh5 gxh5 26. Ne2 Bc5 27. Nc3 f6 28. Kg2 Re7 29. Rd8 Rd7 30. Rd1 Bd4 31. Re8 Rf7 32. Bb2 Rc7 33. Rd2 Kg7 34. Ne2 Kf7 35. Rh8 Kg7 36. Rd8 Bb6 37. Re8 Rf7 38. Bc3 Rf8 39. Re7+ Kg8 40. bxc6 bxc6 41. Bb4 c5 42. Rd6 Bd8 43. Rxd8 Rxd8 44. Bxc5 Ba6 0-1

[Event "Los Angeles op 10th"]
[Site "Los Angeles"]
[Date "2013.10.11"]
[Round "1"]
[White "Bryant, John Daniel"]
[Black "Mousseri, Daniel"]
[Result "1-0"]
[WhiteElo "2408"]
[BlackElo "2042"]
[PlyCount "69"]
[EventDate "2013.10.11"]
[EventType "swiss"]
[EventRounds "5"]
[EventCountry "USA"]
[SourceTitle "EXT 2015"]
[Source "ChessBase"]
[SourceDate "2014.11.20"]
[SourceVersion "1"]
[SourceVersionDate "2014.11.20"]
[SourceQuality "1"]

1. e4 c5 2. c3 d5 3. exd5 Qxd5 4. d4 Nf6 5. Nf3 Bg4 6. Be2 e6 7. h3 Bh5 8. 0-0 Be7 9. Be3 Nbd7 10. c4 Qc6 11. Nc3 cxd4 12. Nxd4 Bxe2 13. Qxe2 Qc8 14. Rfd1 0-0 15. Rac1 b6 16. g4 Rd8 17. Qf3 Ne5 18. Qg3 Nc6 19. Ndb5 Qb7 20. Qf3 Nd7 21. Bf4 Nc5 22. Bd6 Rac8 23. b4 Bxd6 24. Nxd6 Rxd6 25. Rxd6 Nxb4 26. Qxb7 Nxb7 27. Rd7 Na5 28. Rxa7 Nbc6 29. Ra6 Nxc4 30. Nb5 N6e5 31. f4 Nd7 32. Ra4 Rc5 33. Rcxc4 Rxb5 34. Ra8+ Nf8 35. Rcc8 1-0

[Event "Metropolitan Qual 24th"]
[Site "Los Angeles"]
[Date "2012.12.23"]
[Round "5"]
[White "Mousseri, Daniel"]
[Black "Zaloznyy, Mike"]
[Result "1-0"]
[WhiteElo "1976"]
[BlackElo "2009"]
[PlyCount "81"]
[EventDate "2012.12.21"]
[EventType "swiss"]
[EventRounds "5"]
[EventCountry "USA"]
[SourceTitle "EXT 2014"]
[Source "ChessBase"]
[SourceDate "2013.11.20"]
[SourceVersion "1"]
[SourceVersionDate "2013.11.20"]
[SourceQuality "1"]

1. e4 e5 2. Nf3 Nc6 3. Bc4 Bc5 4. c3 Nf6 5. d4 exd4 6. cxd4 Bb4+ 7. Bd2 Bxd2+ 8. Nbxd2 d5 9. exd5 Nxd5 10. Qb3 Nce7 11. 0-0 0-0 12. Rfe1 c6 13. Ne4 Qb6 14. Qc2 Bf5 15. Qd2 Rad8 16. Rad1 Bg6 17. Ne5 Nf5 18. Nxg6 hxg6 19. Nc3 Nf6 20. d5 Qc5 21. Bb3 cxd5 22. Nxd5 Nxd5 23. Bxd5 Rd6 24. g4 Nh4 25. Re5 Rfd8 26. Qg5 Nf3+ 27. Bxf3 Rxd1+ 28. Kg2 Qd6 29. Bxd1 Qxd1 30. Re7 Qa4 31. Qe3 Qxg4+ 32. Qg3 Qb4 33. Qc7 Qg4+ 34. Qg3 Qb4 35. Qc7 Rd5 36. Qc8+ Kh7 37. Re8 g5 38. Qc2+ g6 39. Qc8 Kg7 40. a3 Qxb2 41. Qh3 1-0

[Event "Metropolitan Qual 23rd"]
[Site "Los Angeles"]
[Date "2012.10.12"]
[Round "1"]
[White "Korba, Nicky"]
[Black "Mousseri, Daniel"]
[Result "1/2-1/2"]
[WhiteElo "1948"]
[BlackElo "1993"]
[PlyCount "55"]
[EventDate "2012.10.12"]
[EventType "swiss"]
[EventRounds "5"]
[EventCountry "USA"]
[SourceTitle "EXT 2014"]
[Source "ChessBase"]
[SourceDate "2013.11.20"]
[SourceVersion "1"]
[SourceVersionDate "2013.11.20"]
[SourceQuality "1"]

1. Nf3 Nf6 2. g3 g6 3. Bg2 Bg7 4. 0-0 0-0 5. d3 d5 6. Nc3 Nc6 7. e4 dxe4 8. dxe4 Bg4 9. h3 Qxd1 10. Rxd1 Bxf3 11. Bxf3 e5 12. Ne2 Rad8 13. Bg5 h6 14. Bxf6 Bxf6 15. c3 Ne7 16. Kf1 c6 17. Ke1 Bg7 18. Rxd8 Rxd8 19. Rd1 Rxd1+ 20. Kxd1 f5 21. Nc1 Nc8 22. Nb3 Nd6 23. Nd2 Kf7 24. g4 Ke6 25. Ke2 Bf6 26. Bg2 Bg5 27. exf5+ gxf5 28. Nb3 1/2-1/2

[Event "Los Angeles Metropolitan 22nd"]
[Site "Los Angeles"]
[Date "2012.08.18"]
[Round "9"]
[White "Hills, Kenneth"]
[Black "Mousseri, Daniel"]
[Result "1-0"]
[WhiteElo "2100"]
[BlackElo "2018"]
[PlyCount "55"]
[EventDate "2012.08.14"]
[EventType "swiss"]
[EventRounds "9"]
[EventCountry "USA"]
[SourceTitle "CBM 150 Extra"]
[Source "ChessBase"]
[SourceDate "2012.10.19"]
[SourceVersion "1"]
[SourceVersionDate "2012.10.19"]
[SourceQuality "1"]

1. d4 Nf6 2. c4 g6 3. Nc3 Bg7 4. Nf3 0-0 5. Bf4 d6 6. e3 Nh5 7. Bg5 h6 8. Bh4 Qe8 9. Be2 g5 10. Nd2 Nf6 11. Bg3 Nfd7 12. h4 e5 13. hxg5 hxg5 14. Qc2 f5 15. 0-0-0 a5 16. c5 Nf6 17. cxd6 cxd6 18. dxe5 dxe5 19. Nf3 Nh7 20. Bc4+ Be6 21. Bxe6+ Qxe6 22. Rxh7 Qe7 23. Nd5 Qd8 24. Rxg7+ Kxg7 25. Bxe5+ Kh6 26. Nf4 Qxd1+ 27. Qxd1 gxf4 28. Qd6+ 1-0

[Event "Los Angeles Metropolitan 22nd"]
[Site "Los Angeles"]
[Date "2012.08.17"]
[Round "7"]
[White "Mousseri, Daniel"]
[Black "Viswanadha, Kesav"]
[Result "0-1"]
[WhiteElo "2018"]
[BlackElo "2066"]
[PlyCount "94"]
[EventDate "2012.08.14"]
[EventType "swiss"]
[EventRounds "9"]
[EventCountry "USA"]
[SourceTitle "CBM 150 Extra"]
[Source "ChessBase"]
[SourceDate "2012.10.19"]
[SourceVersion "1"]
[SourceVersionDate "2012.10.19"]
[SourceQuality "1"]

1. e4 c5 2. Nf3 d6 3. d4 cxd4 4. Nxd4 Nf6 5. Nc3 a6 6. Bc4 e6 7. 0-0 Be7 8. Bb3 Nc6 9. Kh1 0-0 10. f4 Qc7 11. f5 Nxd4 12. Qxd4 b5 13. Bg5 Bd7 14. Rad1 Rfd8 15. Bxf6 Bxf6 16. Qxd6 Qxd6 17. Rxd6 exf5 18. exf5 Bxc3 19. bxc3 Bxf5 20. Bxf7+ Kxf7 21. Rxf5+ Ke7 22. Rd4 Rxd4 23. cxd4 Rc8 24. Rf2 Rc4 25. Rd2 Ra4 26. c3 Rc4 27. Kg1 Rxc3 28. Kf2 Kd6 29. Ke2 Kd5 30. Kf2 Ra3 31. Ke2 b4 32. Rb2 a5 33. Rd2 a4 34. Rb2 b3 35. axb3 Rxb3 36. Rc2 a3 37. Rc7 Kxd4 38. Rxg7 a2 39. Ra7 Rb2+ 40. Kf3 Kc3 41. h4 Kc2 42. g4 Kb1 43. Kf4 Rb5 44. g5 Rb4+ 45. Kf5 Rxh4 46. Rb7+ Kc2 47. Ra7 Kb3 0-1